000 00782nam a2200229 i 4500
003 DO-SdBNP
005 20240523131557.0
007 ta
008 240523s1960 dr 000 0 spa d
040 _aDO-SdBNP
_bspa
_cBNPHU
_erda
082 _a911.97293
_bR426d
_222
110 _aRepública Dominicana.
_bDirección General de Estadistica y Censo
_985539
245 1 0 _aDivisión territorial de la República Dominicana :
_bProvincias, municipios,, secciones, parajes
264 1 _aSanto Domingo :
_bDirección General de Estdistica y Censo,
_c1960
300 _a433 páginas ;
_c28 cm.
336 _2rdacontent
_atexto
_btxt
337 _2rdamedia
_asin mediación
_bn
338 _2rdacarrier
_avolumen
_bnc
590 _aInventariado, 2024/ DG
910 _aDG
942 _2ddc
_cLBS1
999 _c56745
_d56745